Englische Ländernamen - Statistiken

Allgemein
  • Dieses Quiz wurde 383 mal gespielt
    369 seit der letzten Aktualisierung
  • Das Durchschnittsergebnis liegt bei 14 aus 15
Antwortstatistiken
Englisch Deutsch % Korrekt
Germany Deutschland
100%
France Frankreich
100%
Poland Polen
100%
Russia Russland
100%
United Kingdom Grossbritannien
99%
Iceland Island
99%
New Zealand Neuseeland
99%
Austria Osterreich
99%
Hungary Ungarn
99%
Lithuania Litauen
98%
Kazakhstan Kasachstan
97%
Azerbaijan Aserbaidschan
92%
Cambodia Kambodscha
91%
Cape Verde Kap Verde
87%
Comoros Komoren
80%
Keine übereinstimmenden Quizze gefunden
Verteilung der Resultate
Anzahl Personen mit jedem Resultat
Perzentil nach korrekt beantworteten Fragen
Ihre Resultats-Entwicklung
Sie haben dieses Quiz seit der letzten Aktualisierung nicht gespielt